000 00633nam a2200205Ii 4500
003 JO-AjNU
008 230605s9999||||xx |||||||||||||| ||und||
040 _aJO-AjNU
_bara
_erda
_cJO-AjNU
041 _aara
050 1 4 _aKRM856.M8784.2008
100 3 _a طة ، مصطفى كمال ,
_eauthor
_931990
245 0 0 _aالعقود التجارية
250 _a(د،ط)
264 3 1 _aالاسكندرية : دار الفكر الجامعي ، 2008
300 _a247ص
336 _atext
_btxt
_2rdacontent
337 _aunmediated
_bn
_2rdamedia
338 _avolume
_bnc
_2rdacarrier
650 4 _aعقود تجارية
_931991
999 _aA12861
_c16429
_d16429